Czyja to stolica Europa #1 - Statystyki

Ogólne statystyki
  • Ten quiz został rozwiązany 61 razy
  • Średni wynik to 10 z 11
Statystyki odpowiedzi
Hint Odpowiedź % Poprawnych
Wilno Litwa
98%
Lizbona Portugalia
98%
Tirana Albania
96%
Dublin Irlandia
96%
Zagrzeb Chorwacja
94%
Helsinki Finlandia
94%
Ateny Grecja
94%
Bratysława Słowacja
94%
Sofia Bułgaria
92%
Sztokholm Szwecja
92%
Berno Szwajcaria
85%
Nie znaleziono quizów pasujących do podanych kryteriów
Rozkład punktacji
Procent ludzi z każdym wynikiem
Percentyl według liczby udzielonych odpowiedzi
Twoja historia wyników
Nie rozwiązałeś tego quizu